| 000 | 02387cam a22004454a 4500 | ||
|---|---|---|---|
| 001 | muse82864 | ||
| 003 | MdBmJHUP | ||
| 005 | 20210127151511.0 | ||
| 006 | m o d | ||
| 007 | cr||||||||nn|n | ||
| 008 | 100128s2009 enk o 00 0 eng d | ||
| 010 | _z 2009482698 | ||
| 020 | _a9781789624229 | ||
| 020 | _z9781846311833 (hbk.) | ||
| 020 | _z1846311837 (hbk.) | ||
| 035 | _a(OCoLC)1138500257 | ||
| 040 |
_aMdBmJHUP _cMdBmJHUP |
||
| 050 | 0 | 4 |
_aPQ6085 _b.M376 2009 |
| 100 | 1 |
_aMayhew, Jonathan, _d1960- |
|
| 245 | 1 | 4 |
_aThe Twilight of the Avant-Garde _bSpanish Poetry 1980-2000 / _cJonathan Mayhew. |
| 264 | 1 | _bLiverpool University Press, | |
| 264 | 3 | _bProject MUSE, | |
| 300 | _a1 online resource (179 p.) | ||
| 490 | 0 | _aContemporary Hispanic and Lusophone cultures | |
| 500 | _aSeries statement found on jacket. | ||
| 504 | _aIncludes bibliographical references (p. [169]-174) and index. | ||
| 505 | 0 | 0 |
_gPart one. _tThe avant-garde and its discontents : the place of poetry in contemporary Spanish culture -- _tAesthetic conservatism in recent Spanish poetry -- _tThree apologies for poetry -- _tPoetry, politics, and power -- _gPart Two. _tValente, Gamoneda, and the "Generation of the 1950s" -- _tIn search of ordinary language : revisiting the "Generation of the 1950s" -- _tJose Ángel Valente's Lectura de Paul Celan : translation and the Heideggerian tradition in Spain -- _tAntonio Gamoneda's Libro de los venenos : the limits of genre -- _gPart Three. _tWomen poets of the 1980s and 1990s -- _tGender under erasure (Amparo Amorós, Luisa Castro) -- _tDesire deferred : Ana Rossetti's Punto umbrío -- _tConcha García : the end of epiphany -- _tLola Velasco's El movimiento de las flores and the limits of criticism. |
| 506 | 0 |
_aOpen Access _fUnrestricted online access _2star |
|
| 588 | _aDescription based on print version record. | ||
| 650 | 0 |
_aSpanish poetry _y20th century _xHistory and criticism. |
|
| 655 | 7 |
_aElectronic books. _2local |
|
| 710 | 2 |
_aProject Muse. _edistributor |
|
| 830 | 0 | _aContemporary Hispanic and Lusophone cultures. | |
| 830 | 0 | _aBook collections on Project MUSE. | |
| 856 | 4 | 0 |
_zFull text available: _uhttps://muse.jhu.edu/book/72687/ |
| 999 |
_c25962 _d25962 |
||